logo

Bir Sreshtho Munshi Abdur Rouf Library
Jhenaidah Cadet College

এক দুষ্টু ক্যাডেটের গল্প / (Record no. 5879)

MARC details
000 -LEADER
fixed length control field 00662nam a2200217 a 4500
001 - CONTROL NUMBER
JCCL Control Number 5879
003 - CONTROL NUMBER IDENTIFIER
JCCL marc code BD-JhCC
005 - DATE AND TIME OF LATEST TRANSACTION
control field 20221124134023.0
008 - FIXED-LENGTH DATA ELEMENTS--GENERAL INFORMATION
fixed length control field 171228s2016 bg |||| || | 000 0 ben d
035 ## - SYSTEM CONTROL NUMBER
system control number (BD-JhCC)5879
040 ## - CATALOGING SOURCE
Original cataloging agency BD-JhCC
Modifying agency BD-JhCC
041 ## - LANGUAGE CODE
Language code of Book ben
082 ## - DEWEY DECIMAL CLASSIFICATION NUMBER
Classification number 891.4435
Author mark and Year KAB 2016
100 ## - MAIN ENTRY--PERSONAL NAME
Personal name কবীর, ইকরাম
245 ## - TITLE STATEMENT
Title এক দুষ্টু ক্যাডেটের গল্প /
Statement of responsibility, etc ইকরাম কবীর,
260 ## - PUBLICATION, DISTRIBUTION, ETC. (IMPRINT)
Place of publication, distribution, etc ঢাকা :
Name of publisher, distributor, etc অণ্বেষা প্রকাশনী,
Date of publication, distribution, etc 2016.
300 ## - PHYSICAL DESCRIPTION
Pagination 85 p. :
Dimensions 22 cm.
650 ## - SUBJECT ADDED ENTRY--TOPICAL TERM
Topical term or geographic name as entry element Bengali Short Stories
942 ## - ADDED ENTRY ELEMENTS (KOHA)
Source of classification or shelving scheme Dewey Decimal Classification
Koha item type Books
Koha issues (borrowed), all copies 36
Holdings
Source of classification or shelving scheme Damaged status Not for loan Home library Current library Shelving location Date of accession Source of acquisition Cost, normal purchase price Total Checkouts Total Renewals Full call number Barcode Date last seen Date checked out Copy number Koha item type Method of acquisition Currency
Dewey Decimal Classification     JCC Rouf Library JCC Rouf Library General Stacks 12/28/2017 Abu Daud Khan, 25 Intake 160.00 29   891.4435 KAB 2016 8243 04/10/2025 02/20/2025 C-1 Books    
Dewey Decimal Classification     JCC Rouf Library JCC Rouf Library General Stacks 07/10/2018 ক্যাডেট ফিরোজ, 30/1657/H 160.00 22   891.4435 KAB 2016 14298 12/08/2025 11/19/2025 C-2 Books    
Dewey Decimal Classification     JCC Rouf Library JCC Rouf Library General Stacks     300.00 8   891.4435 KAB 2016 19707 07/29/2025 07/22/2025 C-3 Books Gift/Donation BDT

JCC Library | Contacts | JCC Home

Last Update on 23 September 2017
Copyright @ 2017-2020 JCC Rouf Library
Rouf Library, Jhenidah Cadet College (JCC), Bangladesh